| 000 | 01231nmc a2200385 a 4500 | ||
|---|---|---|---|
| 003 | AR-BaBNM | ||
| 005 | 20251128205518.0 | ||
| 008 | 011101s1986 ||||||||||||||000 | spa|| | ||
| 020 | _a84-7112-056-9 | ||
| 040 | _cAR-BaBNM | ||
| 100 | 1 | _aLovell, K. | |
| 245 | 1 | 0 | _aDesarrollo de los conceptos básicos matemáticos y científicos en los niños |
| 250 | _a6ª ed. | ||
| 260 |
_aMadrid _bEdiciones Morata _c1986 |
||
| 300 |
_a213 p. _bil., diagr. |
||
| 490 | 0 | _aMatemáticas. Matemáticas y pedagogía | |
| 500 | _aSistema internacional de medidas: p. 179-182 | ||
| 500 | _aCuestionarios de matemáticas: p. 183-199 | ||
| 504 | _aBibliografía: p. 199-210 | ||
| 650 | 4 | _aENSENANZA DE LAS MATEMATICAS | |
| 650 | 4 | _aCONCEPTOS MATEMATICOS | |
| 650 | 4 | _aCONCEPTOS NUMERICOS | |
| 650 | 4 | _aMATEMATICA | |
| 650 | 4 | _aCONCEPTOS ARITMETICOS | |
| 650 | 4 | _aCONCEPTOS CIENTIFICOS | |
| 650 | 4 | _aFORMACION DE CONCEPTOS | |
| 650 | 4 | _aTECNICAS DE ENSENANZA | |
| 650 | 4 | _aACTIVIDADES DE APRENDIZAJE | |
| 653 | _aEDUCACION PRIMARIA | ||
| 700 | 1 |
_aInhelder, Bärbel _eprologuista |
|
| 700 | 1 |
_aGonzalvo Mainar, Gonzalo _eprologuista |
|
| 700 | 1 |
_aSánchez Manzano, Orencio _etraductor |
|
| 942 | _cBK | ||
| 998 | _cSILVI | ||
| 999 |
_c11697 _d11697 |
||